[Event "Altea Cap Negret op 65+ 1st"]
[Site "Altea"]
[Date "2023.11.18"]
[Round "8"]
[White "Mottang, Harald"]
[Black "Varga, Mariano"]
[Result "0-1"]
[WhiteElo "1502"]
[BlackElo "1960"]
[PlyCount "115"]
[EventDate "2023.11.12"]
[EventType "swiss"]
[EventRounds "8"]
[EventCountry "ESP"]
[SourceTitle "CB49_2023"]
[SourceDate "2023.12.06"]
[SourceVersion "1"]
[SourceVersionDate "2023.12.06"]
[SourceQuality "1"]

1. Nf3 e6 2. c4 Nf6 3. d4 Bb4+ 4. Nc3 0-0 5. Bf4 Bxc3+ 6. bxc3 d6 7. Qc2 Nc6 8. e3 Qe7 9. Be2 h6 10. h3 e5 11. dxe5 Nxe5 12. 0-0 Nfd7 13. Nd4 Nc5 14. Rfd1 Be6 15. Nxe6 Qxe6 16. Bxe5 dxe5 17. Rd5 b6 18. Rad1 e4 19. Bg4 f5 20. Be2 g6 21. R1d2 h5 22. Qd1 Qf6 23. Qc2 f4 24. exf4 Qxf4 25. Bf3 Kg7 26. Rxc5 bxc5 27. Bxe4 Rad8 28. Re2 Rfe8 29. f3 Qd6 30. a4 Qd1+ 31. Kf2 Qxc2 32. Rxc2 Rd6 33. Rb2 Rb6 34. Rd2 Re7 35. Rd5 c6 36. Rd6 Ra6 37. Rxg6+ Kf7 38. Rh6 Rxa4 39. Bxc6 Rxc4 40. Bd5+ Kg7 41. Rxh5 Rxc3 42. Be4 a5 43. Rh7+ Kf6 44. Rh8 a4 45. Ra8 a3 46. h4 Rb3 47. g4 Rd7 48. Ra6+ Ke5 49. Kg3 Rd2 50. Ra8 a2 51. Re8+ Kd4 52. Ra8 Rbb2 53. Ra4+ c4 54. Ra7 Ke3 55. Ra3+ Ke2 56. Kf4 Rd1 57. h5 a1Q 58. Rxa1 0-1

[Event "NOR-chB"]
[Site "Oslo"]
[Date "2023.07.07"]
[Round "8"]
[White "Mottang, Harald"]
[Black "Nilsen, Torger"]
[Result "1/2-1/2"]
[WhiteElo "1491"]
[BlackElo "1334"]
[PlyCount "59"]
[EventDate "2023.06.30"]
[EventType "swiss"]
[EventRounds "9"]
[EventCountry "NOR"]
[SourceTitle "EXT 2024"]
[Source "ChessBase"]
[SourceDate "2023.10.10"]
[SourceVersion "1"]
[SourceVersionDate "2023.10.10"]
[SourceQuality "1"]

1. Nf3 e6 2. c4 c5 3. Nc3 Nc6 4. e4 d6 5. d4 cxd4 6. Nxd4 a6 7. Be2 Nf6 8. 0-0 Be7 9. Be3 0-0 10. a3 Qc7 11. Rc1 b6 12. Nxc6 Qxc6 13. Qd3 Bb7 14. Bf3 Qc7 15. b4 Rfd8 16. Na4 Nd7 17. Qb3 Rac8 18. Rfd1 Ba8 19. Nb2 Ne5 20. Bf4 Bf6 21. Bxe5 Bxe5 22. Nd3 Bf6 23. g3 Bc6 24. b5 Bb7 25. h4 a5 26. Nf4 Qc5 27. Nd3 Qc7 28. Kg2 g6 29. Nf4 Qc5 30. Nd3 1/2-1/2

[Event "NOR-chB"]
[Site "Oslo"]
[Date "2023.07.06"]
[Round "7"]
[White "Kuzmenko, Mihailo"]
[Black "Mottang, Harald"]
[Result "1-0"]
[WhiteElo "1570"]
[BlackElo "1491"]
[PlyCount "107"]
[EventDate "2023.06.30"]
[EventType "swiss"]
[EventRounds "9"]
[EventCountry "NOR"]
[SourceTitle "EXT 2024"]
[Source "ChessBase"]
[SourceDate "2023.10.10"]
[SourceVersion "1"]
[SourceVersionDate "2023.10.10"]
[SourceQuality "1"]

1. d4 d5 2. Bf4 Nf6 3. e3 a6 4. Nf3 e6 5. Bd3 c5 6. c3 Nc6 7. Nbd2 cxd4 8. exd4 Bd6 9. Bxd6 Qxd6 10. 0-0 b5 11. a3 0-0 12. Re1 Bb7 13. Ne5 Ne7 14. Re3 Ng6 15. Nxg6 fxg6 16. Qe2 Rae8 17. Re1 Bc8 18. h3 Nh5 19. Nf3 Nf4 20. Qc2 Rf6 21. Ne5 Nxd3 22. Qxd3 Ref8 23. R1e2 Rf5 24. Qd1 R8f6 25. Qe1 Rf8 26. Nd3 R5f6 27. Nc5 Re8 28. Re5 Kf7 29. R2e3 Re7 30. Nd3 Kg8 31. Nb4 Ref7 32. Re2 Kf8 33. Nxd5 Rf5 34. Rxf5 gxf5 35. Re5 g6 36. Nf4 Rf6 37. Qe2 Bd7 38. Nd3 Bc8 39. Rc5 Bd7 40. Qe5 Ke7 41. Qxd6+ Kxd6 42. Ne5 Rf8 43. h4 Rc8 44. Rxc8 Bxc8 45. f3 Bb7 46. Kf2 Ke7 47. Ke3 Kf6 48. Nd7+ Ke7 49. Nc5 Bc8 50. Kf4 Kf6 51. g4 h6 52. g5+ hxg5+ 53. hxg5+ Ke7 54. Ke5 1-0

[Event "NOR-ch Seniors B"]
[Site "Larvik"]
[Date "2019.07.09"]
[Round "5"]
[White "Kyrkjebo, Eirik"]
[Black "Mottang, Harald"]
[Result "1-0"]
[WhiteElo "1598"]
[BlackElo "1559"]
[PlyCount "47"]
[EventDate "2019.07.05"]
[EventType "swiss"]
[EventRounds "9"]
[EventCountry "NOR"]
[SourceTitle "EXT 2024"]
[Source "ChessBase"]
[SourceDate "2023.10.10"]
[SourceVersion "1"]
[SourceVersionDate "2023.10.10"]
[SourceQuality "1"]

1. e4 c5 2. Nf3 Nc6 3. Bb5 g6 4. 0-0 Bg7 5. Nc3 Nf6 6. e5 Ng4 7. Bxc6 dxc6 8. Qe2 0-0 9. h3 Nh6 10. Ne4 b6 11. a4 a5 12. d3 Nf5 13. c3 Qc7 14. g4 Nh6 15. Bf4 f5 16. exf6 Qxf4 17. fxg7 Kxg7 18. Neg5 Bxg4 19. Qxe7+ Nf7 20. hxg4 Rae8 21. Ne6+ Kg8 22. Qxf8+ Rxf8 23. Nxf4 Nd6 24. Nxg6 1-0

[Event "NOR-ch Seniors B"]
[Site "Larvik"]
[Date "2019.07.08"]
[Round "4"]
[White "Mottang, Harald"]
[Black "Starli, Atle"]
[Result "0-1"]
[WhiteElo "1559"]
[BlackElo "1526"]
[PlyCount "42"]
[EventDate "2019.07.05"]
[EventType "swiss"]
[EventRounds "9"]
[EventCountry "NOR"]
[SourceTitle "EXT 2024"]
[Source "ChessBase"]
[SourceDate "2023.10.10"]
[SourceVersion "1"]
[SourceVersionDate "2023.10.10"]
[SourceQuality "1"]

1. Nf3 d5 2. c4 c6 3. d4 Nf6 4. Nc3 g6 5. g3 Bg7 6. Bg2 0-0 7. 0-0 dxc4 8. a4 Bf5 9. Nh4 Be6 10. e4 Na6 11. f4 Qb6 12. a5 Qd8 13. f5 Bc8 14. Ra4 e6 15. fxg6 fxg6 16. Bg5 e5 17. Rxc4 Qxa5 18. dxe5 Qxe5 19. Bf4 Qa5 20. Ra4 Qb6+ 21. Rf2 Ng4 0-1

[Event "Helsingor Xtracon op"]
[Site "Helsingor"]
[Date "2016.07.31"]
[Round "10"]
[White "Mottang, Harald"]
[Black "Nielsen, Jens Holm"]
[Result "1/2-1/2"]
[WhiteElo "1597"]
[BlackElo "1801"]
[PlyCount "69"]
[EventDate "2016.07.23"]
[EventType "swiss"]
[EventRounds "10"]
[EventCountry "DEN"]
[SourceTitle "CBM 173 Extra"]
[Source "ChessBase"]
[SourceDate "2016.08.29"]
[SourceVersion "1"]
[SourceVersionDate "2016.08.29"]
[SourceQuality "1"]

1. Nf3 d5 2. c4 c6 3. d4 Nf6 4. Nc3 dxc4 5. a4 Bf5 6. Bg5 Nd5 7. e3 Nxc3 8. bxc3 Qa5 9. Qc1 f6 10. Bf4 Qa6 11. Be2 Nd7 12. 0-0 Nb6 13. a5 Nd7 14. Nd2 Be6 15. Qb2 g5 16. Bg3 Bg7 17. Qb4 b5 18. axb6 Qxb6 19. Qa3 0-0 20. Rfb1 Qd8 21. Nxc4 Nb6 22. Nd2 Qd7 23. Qc5 Rfc8 24. Rb2 Bf7 25. Nc4 Nxc4 26. Bxc4 Bxc4 27. Qxc4+ Qd5 28. Qa6 c5 29. Rab1 cxd4 30. cxd4 Qc6 31. Qxc6 Rxc6 32. h4 gxh4 33. Bxh4 Kf7 34. Rb7 a6 35. Ra1 1/2-1/2

[Event "Helsingor Xtracon op"]
[Site "Helsingor"]
[Date "2016.07.30"]
[Round "9"]
[White "Larsen, Alex"]
[Black "Mottang, Harald"]
[Result "0-1"]
[WhiteElo "1442"]
[BlackElo "1597"]
[PlyCount "98"]
[EventDate "2016.07.23"]
[EventType "swiss"]
[EventRounds "10"]
[EventCountry "DEN"]
[SourceTitle "CBM 173 Extra"]
[Source "ChessBase"]
[SourceDate "2016.08.29"]
[SourceVersion "1"]
[SourceVersionDate "2016.08.29"]
[SourceQuality "1"]

1. e4 c5 2. Nf3 Nc6 3. Bc4 e6 4. 0-0 a6 5. a3 Nf6 6. d3 Be7 7. Be3 d5 8. exd5 exd5 9. Ba2 0-0 10. Ne1 Bg4 11. f3 Bh5 12. c3 Qc7 13. Qd2 Rfd8 14. Bf4 Qb6 15. Kh1 Bg6 16. b3 Rd7 17. Qf2 d4 18. c4 Re8 19. Nd2 Nh5 20. g3 Nxf4 21. gxf4 Qd8 22. Ne4 Bh4 23. Qd2 Rde7 24. Ng2 Bf6 25. Nxf6+ gxf6 26. Rg1 Re2 27. Qc1 Kh8 28. f5 Bh5 29. Qf1 Qd6 30. Re1 Qe5 31. Rxe2 Qxe2 32. Bb1 Bxf3 33. Qxe2 Rxe2 34. h4 Ne5 35. Kh2 Rb2 36. Kg3 Bxg2 37. b4 b6 38. b5 axb5 39. cxb5 Bd5 40. a4 Rd2 41. h5 h6 42. a5 bxa5 43. b6 Rb2 44. Rc1 c4 45. dxc4 Nxc4 46. Be4 Nxb6 47. Bxd5 Nxd5 48. Rc5 Ne3 49. Rxa5 d3 0-1

[Event "Oslo CC-ch"]
[Site "Oslo"]
[Date "2015.02.17"]
[Round "4"]
[White "Johansen, Aleksander"]
[Black "Mottang, Harald"]
[Result "0-1"]
[WhiteElo "1116"]
[BlackElo "1371"]
[PlyCount "64"]
[EventDate "2015.02.17"]
[EventType "swiss"]
[EventRounds "8"]
[EventCountry "NOR"]
[SourceTitle "EXT 2024"]
[Source "ChessBase"]
[SourceDate "2023.10.10"]
[SourceVersion "1"]
[SourceVersionDate "2023.10.10"]
[SourceQuality "1"]

1. e4 c5 2. d4 cxd4 3. c3 dxc3 4. Nxc3 e6 5. Nf3 Bb4 6. Bc4 Nf6 7. e5 Ne4 8. Qd4 Nxc3 9. bxc3 Nc6 10. Qe3 Ba5 11. Ba3 Ne7 12. 0-0 Bb6 13. Qg5 Ng6 14. Bd6 h6 15. Qh5 Bc7 16. Rfd1 Bxd6 17. Rxd6 0-0 18. Qg4 Qa5 19. Rd3 Nxe5 20. Nxe5 Qxe5 21. h4 d5 22. Re3 Qc7 23. Rg3 f5 24. Qg6 Rf6 25. Qxf6 dxc4 26. Qd4 e5 27. Qd5+ Kh7 28. h5 f4 29. Qe4+ Kh8 30. Rg6 Bd7 31. Rb1 Rb8 32. Rb4 b5 0-1

[Event "Oslo CC-ch"]
[Site "Oslo"]
[Date "2015.02.17"]
[Round "5"]
[White "Mottang, Harald"]
[Black "Lindsjorn, Yngve"]
[Result "0-1"]
[WhiteElo "1371"]
[BlackElo "1374"]
[PlyCount "89"]
[EventDate "2015.02.17"]
[EventType "swiss"]
[EventRounds "8"]
[EventCountry "NOR"]
[SourceTitle "EXT 2024"]
[Source "ChessBase"]
[SourceDate "2023.10.10"]
[SourceVersion "1"]
[SourceVersionDate "2023.10.10"]
[SourceQuality "1"]

1. Nf3 d5 2. g3 c5 3. Bg2 Nc6 4. c4 d4 5. 0-0 e5 6. d3 Nf6 7. Bg5 Be7 8. a3 h6 9. Bd2 a5 10. Be1 0-0 11. Nbd2 Qc7 12. Rb1 Rb8 13. Ne4 Nxe4 14. dxe4 Be6 15. Qc2 f5 16. Nd2 f4 17. f3 b6 18. Bf2 Bg5 19. Rfd1 Ne7 20. Nf1 Ng6 21. b4 cxb4 22. axb4 Qxc4 23. Qxc4 Bxc4 24. bxa5 bxa5 25. gxf4 Nxf4 26. e3 Nxg2 27. Kxg2 Rxb1 28. Rxb1 Bxf1+ 29. Rxf1 dxe3 30. Bg3 Bf4 31. Ra1 Ra8 32. Kf1 a4 33. Ra3 Kf7 34. Ke2 Ke6 35. Be1 Bxh2 36. Kxe3 Bg1+ 37. Kd3 Bd4 38. Kc4 Bb2 39. Ra2 a3 40. Bg3 g5 41. Bf2 Rc8+ 42. Kd3 Rc3+ 43. Ke2 Rc2+ 44. Kf1 Rc1+ 45. Kg2 0-1

[Event "Oslo CC-ch"]
[Site "Oslo"]
[Date "2015.02.17"]
[Round "1"]
[White "Mottang, Harald"]
[Black "Music, Serif"]
[Result "1-0"]
[WhiteElo "1371"]
[BlackElo "1462"]
[PlyCount "99"]
[EventDate "2015.02.17"]
[EventType "swiss"]
[EventRounds "8"]
[EventCountry "NOR"]
[SourceTitle "EXT 2024"]
[Source "ChessBase"]
[SourceDate "2023.10.10"]
[SourceVersion "1"]
[SourceVersionDate "2023.10.10"]
[SourceQuality "1"]

1. Nf3 d5 2. c4 c6 3. cxd5 cxd5 4. d4 e6 5. e3 Nc6 6. Nc3 Bd7 7. a3 Rc8 8. Bd3 f5 9. 0-0 Nf6 10. Bd2 Bd6 11. b4 a6 12. b5 axb5 13. Nxb5 Bb8 14. Qb3 0-0 15. Rfc1 Ne4 16. Be1 f4 17. Bxe4 dxe4 18. d5 exd5 19. Qxd5+ Kh8 20. Ng5 Qe7 21. Nxe4 fxe3 22. f3 Rf5 23. Qd3 Rcf8 24. Nbd6 Rh5 25. Bg3 Ne5 26. Qd4 h6 27. Rab1 Nc6 28. Qxe3 Ba7 29. Rb6 Ra5 30. Rcb1 Ra6 31. Qd3 Bxb6+ 32. Rxb6 Rxb6 33. Nc4 Ra6 34. Bd6 Qh4 35. g3 Qd8 36. Bxf8 Qxf8 37. Qxd7 Qxf3 38. Qe8+ Kh7 39. Ned2 Qf5 40. h3 Nd4 41. Qe3 Rd6 42. Nxd6 Qf6 43. Qe4+ g6 44. Ne8 Qh8 45. Qxb7+ Kg8 46. Qd5+ Kf8 47. Nd6 Qf6 48. Qa8+ Ke7 49. Qe8+ Kxd6 50. Ne4+ 1-0

[Event "EU-ch Seniors 50 14th"]
[Site "Porto"]
[Date "2014.03.14"]
[Round "6"]
[White "Sollid, Stein"]
[Black "Mottang, Harald"]
[Result "1-0"]
[WhiteElo "2057"]
[BlackElo "1646"]
[PlyCount "85"]
[EventDate "2014.03.09"]
[EventType "swiss"]
[EventRounds "9"]
[EventCountry "POR"]
[SourceTitle "CBM 159 Extra"]
[Source "ChessBase"]
[SourceDate "2014.04.24"]
[SourceVersion "1"]
[SourceVersionDate "2014.04.24"]
[SourceQuality "1"]

1. e4 c5 2. Nf3 Nc6 3. d4 cxd4 4. Nxd4 Nf6 5. Nc3 e6 6. Nxc6 dxc6 7. Qxd8+ Kxd8 8. Bg5 Be7 9. 0-0-0+ Bd7 10. Be2 h6 11. Be3 Ke8 12. f4 Bb4 13. Bf3 Rd8 14. Rd3 Bxc3 15. bxc3 b6 16. c4 Bc8 17. e5 Rxd3 18. cxd3 Nd7 19. Bxc6 Ke7 20. Kc2 Rd8 21. Rb1 f6 22. d4 Nb8 23. Be4 f5 24. Bf3 Ba6 25. Rb4 Rc8 26. Kb3 Nc6 27. Bxc6 Rxc6 28. d5 exd5 29. cxd5 Rc8 30. Ra4 Bf1 31. Rxa7+ Kf8 32. d6 Bc4+ 33. Kb4 Be6 34. Bxb6 Rc2 35. Re7 Rb2+ 36. Kc5 Rc2+ 37. Kd4 Rc4+ 38. Kd3 Rc6 39. Rxe6 Rxb6 40. d7 Rb8 41. Re8+ Rxe8 42. dxe8Q+ Kxe8 43. a4 1-0

[Event "EU-ch Seniors 50 14th"]
[Site "Porto"]
[Date "2014.03.09"]
[Round "1"]
[White "Pastor Alonso de Prado, Emilio Alberto"]
[Black "Mottang, Harald"]
[Result "1-0"]
[WhiteElo "2159"]
[BlackElo "1646"]
[PlyCount "71"]
[EventDate "2014.03.09"]
[EventType "swiss"]
[EventRounds "9"]
[EventCountry "POR"]
[SourceTitle "CBM 159 Extra"]
[Source "ChessBase"]
[SourceDate "2014.04.24"]
[SourceVersion "1"]
[SourceVersionDate "2014.04.24"]
[SourceQuality "1"]

1. e4 c5 2. c3 d5 3. exd5 Qxd5 4. d4 Nf6 5. Nf3 cxd4 6. cxd4 e6 7. Nc3 Bb4 8. Bd3 0-0 9. 0-0 Bxc3 10. bxc3 Nc6 11. Re1 h6 12. Ne5 Nxe5 13. dxe5 Nd7 14. Qe2 Nc5 15. Bc4 Qc6 16. Bb5 Qc7 17. Qg4 f5 18. exf6 Rxf6 19. Be3 e5 20. Qc4+ Ne6 21. Rad1 Qxc4 22. Bxc4 Kh7 23. Bc1 Nc5 24. Rxe5 b6 25. Be3 Rf5 26. Re7 Ba6 27. Bxa6 Nxa6 28. Rdd7 Rg8 29. Rxa7 Ra5 30. g4 Rxa2 31. Bxb6 Ra4 32. Bd4 Rxd4 33. cxd4 Nb4 34. Red7 Nd3 35. Rf7 Ne1 36. d5 1-0

[Event "Krakow op-B 23rd"]
[Site "Krakow"]
[Date "2013.01.02"]
[Round "7"]
[White "Mottang, Harald"]
[Black "Lada, Ireneusz"]
[Result "0-1"]
[WhiteElo "1731"]
[BlackElo "2003"]
[PlyCount "64"]
[EventDate "2012.12.27"]
[EventType "swiss"]
[EventRounds "9"]
[EventCountry "POL"]
[SourceTitle "CBM 152 Extra"]
[Source "ChessBase"]
[SourceDate "2013.02.25"]
[SourceVersion "1"]
[SourceVersionDate "2013.02.25"]
[SourceQuality "1"]

1. Nf3 d6 2. e4 g6 3. d4 Bg7 4. c4 Nc6 5. Nc3 e5 6. d5 Nce7 7. Bd3 f5 8. Bg5 Nf6 9. 0-0 0-0 10. Qc2 h6 11. Bd2 Nh5 12. Rae1 f4 13. Nh4 Bf6 14. g3 Bxh4 15. gxh4 Bh3 16. Kh1 Bxf1 17. Rxf1 Kh7 18. Rg1 Ng8 19. Rg4 Ngf6 20. Rg2 Qd7 21. Qd1 f3 22. Qxf3 Nxd5 23. Qg4 Qxg4 24. Rxg4 Nxc3 25. Bxc3 Rxf2 26. c5 Raf8 27. Bc4 R8f4 28. Rg1 Rxh4 29. Rg2 Rxg2 30. Kxg2 Nf4+ 31. Kg1 Rg4+ 32. Kf1 Rg2 0-1

[Event "NOR-chT Clubs"]
[Site "Fagernes"]
[Date "2012.06.09"]
[Round "4"]
[White "Mottang, Harald"]
[Black "Olsen, Ulrik"]
[Result "1-0"]
[WhiteElo "1723"]
[BlackElo "1718"]
[PlyCount "57"]
[EventDate "2012.06.08"]
[EventType "team-swiss"]
[EventRounds "6"]
[EventCountry "NOR"]
[SourceTitle "CBM 148 Extra"]
[Source "ChessBase"]
[SourceDate "2012.06.22"]
[SourceVersion "1"]
[SourceVersionDate "2012.06.22"]
[SourceQuality "1"]
[WhiteTeam "Stjernen"]
[BlackTeam "OSS"]
[WhiteTeamCountry "NOR"]
[BlackTeamCountry "NOR"]

1. Nf3 Nf6 2. c4 g6 3. Nc3 Bg7 4. d4 d5 5. cxd5 Nxd5 6. e4 Nxc3 7. bxc3 0-0 8. Bc4 c5 9. 0-0 Bg4 10. dxc5 Bxc3 11. Rb1 Qc7 12. Qd3 Bg7 13. Ba3 Nc6 14. Rfc1 Rad8 15. Qe3 Nd4 16. Nxd4 Bxd4 17. Qg3 Qxg3 18. hxg3 Bc8 19. c6 Rfe8 20. cxb7 Bg4 21. Bxe7 Rb8 22. Bd6 Bb6 23. Bxb8 Rxb8 24. Bd5 Kg7 25. Kf1 Be6 26. Bxe6 fxe6 27. Rxb6 axb6 28. Rc7+ Kg8 29. Rc8+ 1-0

[Event "NOR-chT Clubs"]
[Site "Fagernes"]
[Date "2012.06.08"]
[Round "1"]
[White "Mottang, Harald"]
[Black "Lund, Terje"]
[Result "0-1"]
[WhiteElo "1723"]
[BlackElo "2053"]
[PlyCount "62"]
[EventDate "2012.06.08"]
[EventType "team-swiss"]
[EventRounds "6"]
[EventCountry "NOR"]
[SourceTitle "CBM 148 Extra"]
[Source "ChessBase"]
[SourceDate "2012.06.22"]
[SourceVersion "1"]
[SourceVersionDate "2012.06.22"]
[SourceQuality "1"]
[WhiteTeam "Stjernen"]
[BlackTeam "Stjoerdal"]
[WhiteTeamCountry "NOR"]
[BlackTeamCountry "NOR"]

1. Nf3 d5 2. c4 e6 3. d4 Nf6 4. Nc3 c6 5. cxd5 exd5 6. Bg5 Nbd7 7. e3 Be7 8. Bd3 0-0 9. 0-0 Re8 10. Qc2 Nf8 11. h3 Ne4 12. Bxe7 Qxe7 13. Bxe4 dxe4 14. Nd2 f5 15. Rae1 Be6 16. b3 Ng6 17. f3 exf3 18. Nxf3 Rad8 19. e4 Qd7 20. d5 cxd5 21. exd5 Bxd5 22. Rxe8+ Qxe8 23. Nxd5 Rxd5 24. Re1 Qd7 25. Ng5 h6 26. Nf3 Kh7 27. Qe2 Qc7 28. Qe6 Nf4 29. Qe3 Rc5 30. Nd4 Qd6 31. Rf1 Qxd4 0-1

[Event "Stjernen CC-ch"]
[Site "Oslo"]
[Date "2011.04.12"]
[Round "7"]
[White "Mottang, Harald"]
[Black "Vestli, Hakon Bjorge"]
[Result "0-1"]
[WhiteElo "1338"]
[BlackElo "1530"]
[PlyCount "87"]
[EventDate "2011.02.08"]
[EventType "swiss"]
[EventRounds "9"]
[EventCountry "NOR"]
[SourceTitle "EXT 2024"]
[Source "ChessBase"]
[SourceDate "2023.10.10"]
[SourceVersion "1"]
[SourceVersionDate "2023.10.10"]
[SourceQuality "1"]

1. Nf3 c5 2. c4 Nc6 3. Nc3 Nf6 4. g3 g6 5. Bg2 Bg7 6. 0-0 d6 7. d4 Nd7 8. dxc5 Nxc5 9. a3 Be6 10. Nd5 Rc8 11. Ng5 Qd7 12. Rb1 h6 13. Nxe6 Nxe6 14. e3 Nc7 15. Qe2 e6 16. Nf4 0-0 17. Bd2 Rfd8 18. Rfd1 Ne8 19. b4 Qe7 20. b5 Ne5 21. Rdc1 Nf6 22. Bb4 g5 23. Nh3 Rc7 24. Rc2 Nfd7 25. e4 Nc5 26. f4 Ned7 27. fxg5 hxg5 28. Rd1 Be5 29. Nf2 Nf6 30. Bd2 Nh7 31. Ng4 Nd7 32. Rf1 Kg7 33. Nxe5 Nxe5 34. Qh5 Rxc4 35. Rxc4 Nxc4 36. Bc3+ e5 37. Bh3 Rh8 38. Qf3 Nf8 39. Bf5 Ne6 40. Bb4 Nd4 41. Qd3 Nb6 42. a4 Nd7 43. Qc4 Nb6 44. Qc5 0-1

[Event "Stjernen CC-ch"]
[Site "Oslo"]
[Date "2010.03.23"]
[Round "6"]
[White "Mottang, Harald"]
[Black "Eriksen, Jan Hugo"]
[Result "1-0"]
[WhiteElo "1392"]
[BlackElo "1333"]
[PlyCount "84"]
[EventDate "2010.02.02"]
[EventType "swiss"]
[EventRounds "9"]
[EventCountry "NOR"]
[SourceTitle "EXT 2024"]
[Source "ChessBase"]
[SourceDate "2023.10.10"]
[SourceVersion "1"]
[SourceVersionDate "2023.10.10"]
[SourceQuality "1"]

1. Nf3 Nf6 2. c4 g6 3. d4 c5 4. Nc3 cxd4 5. Nxd4 d6 6. e4 Bg7 7. Be2 0-0 8. 0-0 b6 9. f4 Bb7 10. Bf3 Nbd7 11. Re1 Rc8 12. b3 a6 13. Bb2 e5 14. fxe5 dxe5 15. Nc2 Qc7 16. Qe2 Rcd8 17. Nd5 Nxd5 18. cxd5 Qc5+ 19. Ne3 Bh6 20. Rac1 Bxe3+ 21. Qxe3 Qxe3+ 22. Rxe3 Rc8 23. Rec3 Rxc3 24. Rxc3 Rc8 25. Rxc8+ Bxc8 26. Bg4 f6 27. Be6+ Kf8 28. Ba3+ Ke8 29. g4 g5 30. Bd6 Kd8 31. b4 b5 32. h3 Nb6 33. Bc5 Nc4 34. Bxc8 Kxc8 35. Be7 Nd2 36. Bxf6 Nxe4 37. Bxe5 Kd7 38. Kg2 Nd6 39. Kf3 h6 40. Bxd6 Kxd6 41. Ke4 Ke7 42. Ke5 Kd7 1-0